Biblioteca

Guard the truth : (Registro nro. 70977)

Detalles MARC
000 -LÍDER
Campo fijo de descripción fija 02232nam a2200349 i 4500
001 - NÚMERO DE CONTROL
Campo de control 768714001
003 - IDENTIFICADOR DEL NÚMERO DE CONTROL
Campo de control CO-MdFUSB
005 - FECHA Y HORA DE LA ULTIMA TRANSACCIÓN
control field 20260326161717.0
007 - CAMPO FIJO DE DESCRIPCIÓN FIJA--INFORMACIÓN GENERAL
Campo fijo de descripción fija ta
008 - ELEMENTOS DE LONGITUD FIJA -- INFORMACIÓN GENERAL
Campo fijo de descripción fija -- Información general 240925t1996 -us||||| |||| 001 0 eng d
020 ## - NÚMERO INTERNACIONAL NORMALIZADO PARA LIBROS
Número Internacional Normalizado del libro 0-8308-1992-4
040 ## - FUENTE DE CATALOGACIÓN
Idioma de catalogación spa.
Agencia de catalogación original CO-MdFUSB
Agencia que realiza la transcripción CO-MdFUSB
Agencia que realiza la modificación CO-MdFUSBC
Convenciones de la descripción rda
041 ## - CÓDIGO DE IDIOMA
Código de idioma para texto/pista de sonido o título separado eng
082 ## - NÚMERO DE CLASIFICACIÓN DECIMAL DEWEY
Número de la edición del Dewey 23
Número de clasificación 227.8307
Clave de autor-Numero de item ST888
100 ## - ASIENTO PRINCIPAL--NOMBRE PERSONAL
Nombre personal Stott, John R. W.,
Término relacionador autor
245 1# - TÍTULO
Título del Material Guard the truth :
Parte restante del título - Subtitulo the message of 1 Timothy & Titus
Mención de responsabilidad, etc. / John Stott
264 #1 - PRODUCCIÓN, PUBLICACIÓN, DISTRIBUCIÓN, MANUFACTURA, Y COPYRIGHT
Lugar de producción, publicación, distribución, manufactura Downers Grove, Illinois :
Nombre del productor, publicador, distribuidor InterVarsity Press,
Fecha de producción, publicación, distribución, manufactura, o copyright [1996]
264 #4 - PRODUCCIÓN, PUBLICACIÓN, DISTRIBUCIÓN, MANUFACTURA, Y COPYRIGHT
Fecha de producción, publicación, distribución, manufactura, o copyright ©1996
300 ## - DESCRIPCIÓN FÍSICA
Extensión 232 páginas
Dimensiones ; 24 cm
336 ## - TIPO DE CONTENIDO
Fuente rdacontent
Término de tipo de contenido texto
Código de tipo de contenido txt
337 ## - TIPO DE MEDIO
Fuente rdamedia
Nombre del tipo de medio sin mediación
Código del tipo de medio n
338 ## - TIPO DE SOPORTE
Fuente rdacarrier
Nombre del tipo de soporte volumen
Código Tipo de soporte nc
490 ## - MENCIÓN DE SERIE
Mención de serie The Bible Speaks Today
504 ## - NOTA DE BIBLIOGRAFÍA, ETC.
Nota de bibliografía, etc Incluye índice, guía de estudio y referencias bibliográficas
505 ## - NOTA DE CONTENIDO
Nota de contenido con formato preestablecido El mensaje de 1 Timoteo: La vida de la iglesia local -- Doctrina apostólica (1:3-20) -- Los falsos maestros y la ley (1:3-11) -- El apóstol Pablo y el evangelio (1:12-17) -- Timoteo y la buena batalla (1:18-20) -- El culto público (2:1-15) -- La preocupación mundial por el culto público (2:1-7) -- Los roles sexuales en el culto público (2:8-15) -- Supervisión pastoral (3:1-16) -- Los supervisores (3:1-7) -- Los diáconos (3:8-13) -- La iglesia (3:14-16) -- Liderazgo local (4:1-5:2) -- Responsabilidades sociales (5:3-6:2) -- Posesiones materiales (6:3-21). -- El mensaje de Tito: doctrina y deber -- Los temas principales de la carta -- Pablo se presenta -- Pablo se dirige a Tito -- Pablo desea a Tito la gracia de Dios -- Doctrina y deber en la iglesia (1:5-16) -- Los verdaderos ancianos (1:5-9) -- Los falsos maestros (1:10-16) -- Doctrina y deber en el hogar (2:1-15) -- Los deberes éticos (2:2-10) -- La sana doctrina (2:11-14) -- Doctrina y deber en el mundo (3:1-8) -- Los cristianos en la vida pública (3:1-2) -- Ingredientes de la salvación (3:3-8) -- Mensajes personales finales (3:9-15).<br/><br/>
563 ## - NOTA DE ENCUADERNACIÓN
Nota de encuadernación Pasta dura
630 07 - TITULO UNIFORME
Título uniforme Biblia.
Nombre de parte o sección de la obra Timoteo, 1ª
Subdivisión de materia general Crítica, interpretación, etc.
630 07 - TITULO UNIFORME
Título uniforme Biblia.
Nombre de parte o sección de la obra Tito
Subdivisión de materia general Crítica, interpretación, etc.
942 ## - TIPO DE MATERIAL (KOHA)
Tipo de Item KOHA Libros General
945 ## - INFORMACIÓN LOCAL DEL REGISTRO
Catalogador Catherine Arias Alvarez
Existencias
Estado de Material Estado de Perdido Forma de Clasificación Estado de Dañado No para Préstamo Colección Tomo Biblioteca de Origen Biblioteca Permanente Fecha de Adquisición Área Total de Préstamos Signatura Topográfica Código de Barras Última vez visto Ejemplar/Existencia Fecha de Remplazo Tipo de Material
    Dewey Decimal Classification     Colección General   Biblioteca FUSBC Biblioteca FUSBC 25/09/2024 BIBLIA   G 227.8307 ST888g 25053 25/09/2024 Ej. 1 25/09/2024 Libros General

Biblioteca FUSBC | Teléfono: (57+4) 349 88 10 Ext. 141| WhatsApp (+57) 3005338115 
E-mail: biblioteca@unisbc.edu.co | Calle 76 87-14 Robledo Palenque, Medellín, Colombia

Con tecnología Koha